000 00627cab a2200217 4500
001 WB2434-24
008 090401t1988 xxu||||| |||| 00| 0 eng d
035 _a(Sirsi) u5833
041 _aeng
245 _aProperty speculation warning
260 _c1988
350 _a0
490 _aFinancial Times
_v22/8/88 p7
520 _aA West Country firm of estate agents has warned its staff not to speculate in the property market.
650 _aALDER KING
650 _aBLACK HORSE AGENCIES
650 _aSPECULATION
690 _aMANAGEMENT-BUSINESS MANAGEMENT-PROFESSIONAL PRACTICE
942 _n0
948 _c04/03/1997
999 _c3487
_d3487